|
|
|
|
| LEADER |
00684nas a2200181 i 4500 |
| 001 |
acta36786 |
| 005 |
20210916103708.0 |
| 008 |
161201s1938 hu o 0|| hun d |
| 040 |
|
|
|a SZTE Egyetemi Kiadványok Repozitórium
|b hun
|
| 041 |
|
|
|a hun
|
| 041 |
|
|
|a ger
|
| 245 |
0 |
0 |
|a Dolgozatok a Magyar Királyi Ferencz József Tudományegyetem Archaeologiai Intézetéből XIV.
|h [elektronikus dokumentum]
|
| 260 |
|
|
|c 1938
|
| 300 |
|
|
|a 228
|
| 490 |
0 |
|
|a Dolgozatok a Magyar Királyi Ferencz József Tudományegyetem Archaeologiai Intézetéből
|v 14
|
| 695 |
|
|
|a Régészet - leletek
|
| 700 |
0 |
1 |
|a Banner János
|
| 856 |
4 |
0 |
|u http://acta.bibl.u-szeged.hu/36786/1/dolgozatok_1938.pdf
|z Dokumentum-elérés
|